UM Logo

Entrepreneurial resourcefulness : (Record no. 13742)

MARC details
000 -LEADER
fixed length control field 00859nam a22002177a 4500
008 - FIXED-LENGTH DATA ELEMENTS--GENERAL INFORMATION
fixed length control field 190403b ||||| |||| 00| 0 eng d
020 ## - INTERNATIONAL STANDARD BOOK NUMBER
International Standard Book Number 9781781900192
082 ## - DEWEY DECIMAL CLASSIFICATION NUMBER
Edition number 2013
Classification number AV-Eb 658.421
Item number C789
100 ## - MAIN ENTRY--PERSONAL NAME
Personal name Corbett, Andrew C. editor
9 (RLIN) 38203
245 ## - TITLE STATEMENT
Title Entrepreneurial resourcefulness :
Remainder of title Ccmpeting with constraints /
Statement of responsibility, etc. edited by Andrew C. Corbett and Jerome A. Katz
260 ## - PUBLICATION, DISTRIBUTION, ETC. (IMPRINT)
Name of publisher, distributor, etc. Emerald Publishing Limited,
Date of publication, distribution, etc. ©2013.
300 ## - PHYSICAL DESCRIPTION
Extent 220 pages;
440 ## - SERIES STATEMENT/ADDED ENTRY--TITLE
Title Advances in Entrepreneurship, Firm Emergence and Growth Ser.
9 (RLIN) 38204
500 ## - GENERAL NOTE
General note Includes index.
650 ## - SUBJECT ADDED ENTRY--TOPICAL TERM
Topical term or geographic name as entry element Business planning.
9 (RLIN) 38205
650 ## - SUBJECT ADDED ENTRY--TOPICAL TERM
Topical term or geographic name as entry element Entrepreneurship.
9 (RLIN) 38206
650 ## - SUBJECT ADDED ENTRY--TOPICAL TERM
Topical term or geographic name as entry element New business enterprises.
9 (RLIN) 38207
700 ## - ADDED ENTRY--PERSONAL NAME
Personal name Katz, Jerome A.editor
9 (RLIN) 38208
856 ## - ELECTRONIC LOCATION AND ACCESS
Link text https://ebookcentral.proquest.com/lib/uniofmindanao-ebooks/detail.action?docID=1394849
942 ## - ADDED ENTRY ELEMENTS (KOHA)
Source of classification or shelving scheme Dewey Decimal Classification
Koha item type Ebooks
Holdings
Withdrawn status Lost status Source of classification or shelving scheme Damaged status Not for loan Home library Current library Shelving location Date acquired Source of acquisition Total Checkouts Full call number Barcode Date last seen Copy number Price effective from Koha item type
    Dewey Decimal Classification     UM Digos College - LIC UM Digos College - LIC Processing Center 04/03/2019 Downloaded   AV-Eb 658.421 C789 Eb144 04/03/2019 1 04/03/2019 Ebooks